| 000 | 00534 a2200217 4500 | ||
|---|---|---|---|
| 001 | 16790 | ||
| 999 |
_c16790 _d3504 |
||
| 003 | TR-AnTOB | ||
| 005 | 20190408212910.0 | ||
| 008 | 041102s2004 tu tur | ||
| 020 | _a9756388021 | ||
| 041 | _atur | ||
| 050 |
_aPS3563.O8712 _bB5 2004 |
||
| 090 | _aPS3563.O8712 B5 2004 | ||
| 100 |
_aMorgan, Marlo _98153 |
||
| 245 | 0 |
_aBir çift yürek / _cMarlo Morgan ; çev. Eren Cendey. |
|
| 250 | _a18. bs. | ||
| 264 | 1 |
_aİstanbul : _bKlan Yayınları, _c2004 |
|
| 300 |
_a216 p. ; _c21 cm. |
||
| 902 | _a0008797 | ||
| 942 | _cBK | ||